000 00383nam a2200145Ia 4500
008 230711s9999||||xx |||||||||||||| ||und||
041 _aENG
082 _a621
_bSO-I
100 _aSonde,BS
245 0 _aIntroduction to system design using integrated circuits
250 _a2nd
260 _c1992
_aNew Delhi
_bWiley Eastern Limited
650 _aElectronics Engineering
942 _cBK
999 _c2153
_d2153